000 00203nam a22000857a 4500
008 160711b xxu||||| |||| 00| 0 eng d
100 _92539
_a Gupta, V.P
245 _aMathematics - III
260 _aNCERT
_c2003
999 _c2205
_d2205